| 000 | 00431pam a2200157a 44500 | ||
|---|---|---|---|
| 008 | 230515b1974 xxu||||| |||| 00| 0 eng d | ||
| 020 | _aNULL | ||
| 041 | _aENGLISH | ||
| 082 | _a630 | ||
| 100 | _a7356-1974 | ||
| 245 | _aCODE OF PRACTICES FOR INSTALLATION MAINTENANCE AND OBSERVATION OF INSTRUMENTS FOR PORE PRESSURE MEASUREMENTS IN EARTH DAMS | ||
| 250 | _a0 | ||
| 260 |
_aDELHI _bISI _c1974 |
||
| 300 | _a12 | ||
| 650 | _aNULL | ||
| 999 |
_c652017 _d652017 |
||